रामधारी सिंह दिनकर : (Record no. 119987)

MARC details
000 -LEADER
fixed length control field 01408nam a22002657a 4500
005 - DATE AND TIME OF LATEST TRANSACTION
control field 20170124103151.0
010 ## - LIBRARY OF CONGRESS CONTROL NUMBER
LC control number A-696775
020 ## - INTERNATIONAL STANDARD BOOK NUMBER
Terms of availability 35.00
035 ## - SYSTEM CONTROL NUMBER
System control number A-696775
037 ## - SOURCE OF ACQUISITION
Source of stock number/acquisition Cen Lib/Ret
040 ## - CATALOGING SOURCE
Original cataloging agency DPL
Language of cataloging HN
082 ## - DEWEY DECIMAL CLASSIFICATION NUMBER
Classification number 821.08
Item number गुप्तम
100 ## - MAIN ENTRY--PERSONAL NAME
Personal name गुप्त, मन्मथनाथ
9 (RLIN) 87979
245 ## - TITLE STATEMENT
Title रामधारी सिंह दिनकर :
Statement of responsibility, etc मन्मथनाथ गुप्त
Remainder of title समग्र कविताओं में से चुनी हुई कवितायेँ कवि की जीवनी एवं उनके काव्य का मुल्यांकन /
246 ## - VARYING FORM OF TITLE
Title proper/short title Ramdhari singh dinkar : samgr kavitaon me se chuni hui kavitayen kavi ki jivni evam unke kavya ka mulyankan
Remainder of title by Manmthnath Gupt
260 ## - PUBLICATION, DISTRIBUTION, ETC. (IMPRINT)
Place of publication, distribution, etc दिल्ली
Name of publisher, distributor, etc राजपाल एंड संस
Date of publication, distribution, etc 1993
270 ## - ADDRESS
Address कश्मीरी गेट
City दिल्ली
Postal code 110006
300 ## - PHYSICAL DESCRIPTION
Extent 124पृष्ठ.
Dimensions 17सेमी(सजिल्द)
490 ## - SERIES STATEMENT
Series statement आज के लोकप्रिय हिंदी कवि -7
650 ## - SUBJECT ADDED ENTRY--TOPICAL TERM
Topical term or geographic name as entry element हिंदी साहित्य
9 (RLIN) 87980
650 ## - SUBJECT ADDED ENTRY--TOPICAL TERM
Topical term or geographic name as entry element हिंदी कवितायेँ -- दिनकर
9 (RLIN) 87981
650 ## - SUBJECT ADDED ENTRY--TOPICAL TERM
Topical term or geographic name as entry element Hindi literature
9 (RLIN) 87982
650 ## - SUBJECT ADDED ENTRY--TOPICAL TERM
Topical term or geographic name as entry element Hindi poems - sun
9 (RLIN) 87983
942 ## - ADDED ENTRY ELEMENTS (KOHA)
Source of classification or shelving scheme Dewey Decimal Classification
Koha item type Hindi Books
Classification part 821.08
Call number suffix गुप्तम
Holdings
Withdrawn status Lost status Damaged status Not for loan Home library Current library Date acquired Source of acquisition Cost, normal purchase price Total Checkouts Full call number Barcode Date last seen Date checked out Copy number Cost, replacement price Price effective from Koha item type
        Central Library Central Library 19/09/2015 1 35.00 1 821.08 गुप्तम A-696775 07/03/2018 20/02/2018 1 35.00 19/09/2015 Hindi Books

© Delhi Public Library
Hit Counter
free hit counter